000
00184 a2200097 4500
020
_a
8424326830
041
_a
spa
100
_a
Brenda Clarke
245
_a
Un viaje en avion
942
_c
K
999
_c
28692
_d
28692